|
|
|
|
| LEADER |
01226nam a2200325 i 4500 |
| 001 |
28184 |
| 003 |
BD-DhAAL |
| 005 |
20140811114543.0 |
| 008 |
140811s2014 nyu b 001 0 eng |
| 010 |
|
|
|a 2014004965
|
| 020 |
|
|
|a 9780199354863 (acidfree paper)
|
| 040 |
|
|
|a DLC
|b eng
|c DLC
|e rda
|d DLC
|d BD-DhAAL
|
| 041 |
|
|
|a eng
|
| 042 |
|
|
|a pcc
|
| 043 |
|
|
|a a-ii---
|a n-us---
|
| 050 |
0 |
0 |
|a E183.8.I4
|b C543 2014
|
| 082 |
0 |
0 |
|a 327.54073
|2 23
|
| 100 |
1 |
|
|a Chaudhuri, Rudra.
|9 5429
|
| 245 |
1 |
0 |
|a Forged in crisis :
|b India and the United States since 1947 /
|c Rudra Chaudhuri.
|
| 246 |
3 |
0 |
|a India and the United States since 1947
|
| 260 |
|
|
|a New York :
|b Oxford University Press,
|c c2014.
|
| 300 |
|
|
|a xii, 368 pages ;
|c 23 cm
|
| 504 |
|
|
|a Includes bibliographical references (pages 335-353) and index.
|
| 541 |
|
|
|e 28184
|
| 651 |
|
0 |
|a United States
|x Foreign relations
|z India.
|9 5430
|
| 651 |
|
0 |
|a India
|x Foreign relations
|z United States.
|9 5431
|
| 651 |
|
0 |
|a India
|x History
|y 1947-
|9 5432
|
| 942 |
|
|
|2 ddc
|c BK
|
| 999 |
|
|
|c 32876
|d 32876
|
| 952 |
|
|
|0 0
|1 0
|2 ddc
|4 0
|6 327_540730000000000_CHA
|7 0
|9 43392
|a BRACUL
|b BRACUL
|c GEN
|d 2014-08-11
|e Trim Education
|g 3350.00
|l 1
|m 4
|o 327.54073 CHA
|p 3010028184
|r 2016-07-31
|s 2015-01-28
|t 1
|w 2014-08-11
|y BK
|